| 000 | 00578nam a22002177a 4500 | ||
|---|---|---|---|
| 003 | UA-OsUOA | ||
| 001 | 36647 | ||
| 007 | ta | ||
| 008 | 20061013b un ||||| |||| 00| 0 ukr d | ||
| 090 | _a94(477).04 | ||
| 942 | _cBR | ||
| 040 |
_aUA-OsUOA _bger _cUA-OsUOA _dUA-OsUOA |
||
| 245 |
_aSonderdruck aus Zeitschrift fur Ostforschung _bLander und Volker im ostlichen Mitteleuropa. |
||
| 300 | _a39 с. | ||
| 955 | _a1 | ||
| 041 | _ager | ||
| 080 | _a94(477).04 | ||
| 260 | _c1993 | ||
| 650 | 7 |
_a9 Географія. Біографії. Історія _2UDC |
|
| 999 |
_c435175 _d435175 |
||